| 000 | 00676nam a2200205 a 4500 | ||
|---|---|---|---|
| 001 | 000040633 | ||
| 005 | 20201002034251.0 | ||
| 008 | 130904s2010 sp 000 0 spa d | ||
| 020 | _a9788420635156 | ||
| 100 | 1 |
_aDonghi, Tulio Halperin _966985 |
|
| 245 | 1 | 0 |
_aHistoria contemporánea de América Latina / _cTulio Halperin Donghi. |
| 250 | _aed. corr. y aum | ||
| 260 |
_aMadrid : _bAlianza, D.L., _c2010. |
||
| 300 |
_a750 p. ; _c20 cm. |
||
| 490 | 1 |
_aEl libro de bolsillo. _aSección Humanidades _v4156 |
|
| 500 | _aOctava reimpresión | ||
| 504 | _aBibliografía : p. 741-750 | ||
| 830 | 0 |
_aEl libro de bolsillo. _pSección Humanidades _v4156 _966986 |
|
| 999 |
_c40123 _d40123 |
||
| 040 | _aDO-SdBNP | ||